000
00311nam a22001337a 4500
008
170913b xxu||||| |||| 00| 0 eng d
020
_a
9781305259829
041
_a
eng
080
_2
14TH
_a
53
100
_a
43
101
_a
FIZ
245
_a
AN INTRODUCTION TO PHYSICAL SCIENCE
_c
SHIPMAN,J.T
942
_2
udc
_c
BK
999
_c
27477
_d
27477